Which City is further north? - Trans-Pacific edition! - Statistics

General Stats
  • This quiz has been taken 56 times
  • The average score is 8 of 15
Answer Stats
Question Answer % Correct
Kuala Lumpur or Bogota? Bogota
75%
Taipei or Monterrey? Monterrey
75%
Vladivostok or Portland, Oregon? Portland
75%
Sydney or Santiago? Santiago
75%
Singapore or Quito? Singapore
75%
Tokyo or Los Angeles? Tokyo
75%
Hong Kong or Guadalajara? Hong Kong
50%
The southernmost point of the Kamchatka peninsula or Vancouver? Kamchatka
50%
Manila or Managua? Manila
50%
Seoul or San Francisco? San Francisco
50%
Sapporo or Seattle? Seattle
50%
Ho Chi Minh City or San Jose, Costa Rica? Ho Chi Minh City
25%
Jakarta or Lima? Jakarta
25%
Shanghai or San Diego? San Diego
25%
Hanoi or Mexico City? Hanoi
0%
No matching quizzes found
Score Distribution
Percent of People with Each Score
Percentile by Number Answered
Your Score History
You have not taken this quiz